000 00786nam a22002537a 4500
001 32458
003 AR-RoBPED
005 20260325121312.0
007 ta
008 260325s1989 ag a|||br 00| 0|spa d
020 _a9500103648
040 _aAR-RoBPED
041 _aspa
245 0 0 _aChatarrín en el mundo :
_blibro de lectura para segundo grado /
_cRosa Ana Nuñez de Marín ... [et al.].
260 _aBuenos Aires :
_bEstrada,
_c1989.
300 _a75 p. :
_bil.
505 _aIlustra Rosa Ana Núñez de Marín
650 4 _aLIBROS DE LECTURA
_915325
650 4 _aSEGUNDO GRADO
_91622
650 4 _aARCHIVO INFANTIL
_924464
700 1 _aNuñez de Marín, Rosa Ana
_916889
942 _cBK
_2udc
_aK 32458
_h372.4
_kIA
_mN 94 c 2
_nInv. 42315
945 _acd 25/03/2026 -
999 _c32458
_d32458